000 01321nam a2200301 a 4500
001 BRL_1928
005 20190320211434.0
008 180815s1945----mx-be#####---#000-0#spa-#
041 _aspa
044 _amx
050 4 _aNA5256.Y8
_b.C38 1945
245 1 0 _aCatálogo de construcciones religiosas del estado de Yucatán
_bformado por la Comisión de Inventarios de la Cuarta Zona 1929-1933
_cIngeniero en jefe Luis Vega Bolaños ; reseña historica y notas de J. Ignacio Rubio Mañe ; investigaciones historicas de José García Preciat ; estudio etimológico de Alfredo Barrera Vázquez ; recopilación de Justino Fernández.
260 _aMéxico
_bTalleres Gráficos de la Nación
_c1945
300 _a2 v.
_bil., láminas, mapas, planos
_c35 cm.
500 _aIncluye índice general por municipios
500 _av.1 Au2174, v.2 Au2175
504 _aIncluye referencias bibliográficas
650 1 4 _aIglesias
_zMéxico
_94471
650 1 4 _aArquitectuta religiosa
_zMéxico
_96789
650 1 4 _aArquitectura religiosa
_xDiseños y planos
_96790
700 1 _aFernández, Justino
_d1904-
_96791
700 1 _aVega Bolaños, Luis
_928250
700 1 _aRubio Mañe, J. Ignacio
_928251
700 1 _aGarcía Preciat, José
_928252
700 1 _aBarrera Vázquez, Alfredo
_928253
902 _aGRL
942 _2lcc
_cB
999 _c10736
_d10736